Principles of computer architecture / (Record no. 607)
[ view plain ]
| 000 -LEADER | |
|---|---|
| fixed length control field | 00949cac a22002895a 4500 |
| 008 - FIXED-LENGTH DATA ELEMENTS--GENERAL INFORMATION | |
| fixed length control field | 081108r2000 n a|||| |||| 001 0 eng d |
| 010 ## - LIBRARY OF CONGRESS CONTROL NUMBER | |
| LC control number | 99046113 |
| 020 ## - INTERNATIONAL STANDARD BOOK NUMBER | |
| International Standard Book Number | 0130270350 |
| 020 ## - INTERNATIONAL STANDARD BOOK NUMBER | |
| International Standard Book Number | 9780130270351 |
| 040 ## - CATALOGING SOURCE | |
| Language of cataloging | eng |
| Modifying agency | EG-ScBUE |
| 082 04 - DEWEY DECIMAL CLASSIFICATION NUMBER | |
| Classification number | 004.22 |
| Item number | MUR |
| Edition number | 22 |
| 100 1# - MAIN ENTRY--PERSONAL NAME | |
| Personal name | Murdocca, Miles J. |
| 9 (RLIN) | 18027 |
| 245 10 - TITLE STATEMENT | |
| Title | Principles of computer architecture / |
| Statement of responsibility, etc | Miles J. Murdocca, Vincent P. Heuring. |
| 246 30 - VARYING FORM OF TITLE | |
| Title proper/short title | Computer architecture |
| 250 ## - EDITION STATEMENT | |
| Edition statement | International ed. |
| 260 ## - PUBLICATION, DISTRIBUTION, ETC. (IMPRINT) | |
| Place of publication, distribution, etc | Upper Saddle River, New Jersey : |
| Name of publisher, distributor, etc | Prentice-Hall, Inc., |
| Date of publication, distribution, etc | c.2000. |
| 300 ## - PHYSICAL DESCRIPTION | |
| Extent | xxi, 553 p. : |
| Other physical details | ill. (some col.) ; |
| Dimensions | 25 cm. |
| 500 ## - GENERAL NOTE | |
| General note | Index : p. 545-553. |
| 504 ## - BIBLIOGRAPHY, ETC. NOTE | |
| Bibliography, etc | Includes bibliographical references. |
| 590 ## - LOCAL NOTE (RLIN) | |
| Local note | Doha Ragab<br/>Reviewed by : Wessam |
| 650 #0 - SUBJECT ADDED ENTRY--TOPICAL TERM | |
| Topical term or geographic name as entry element | Computer architecture. |
| 9 (RLIN) | 18028 |
| Source of heading or term | BUEsh |
| 651 ## - SUBJECT ADDED ENTRY--GEOGRAPHIC NAME | |
| Source of heading or term | BUEsh |
| 653 ## - INDEX TERM--UNCONTROLLED | |
| Resource For college | Informatics and Computer Science |
| 655 ## - INDEX TERM--GENRE/FORM | |
| Form subdivision | |
| -- | 34232 |
| 700 1# - ADDED ENTRY--PERSONAL NAME | |
| Personal name | Heuring, Vincent P. |
| 9 (RLIN) | 18029 |
| 942 ## - ADDED ENTRY ELEMENTS (KOHA) | |
| Item type | Book - Borrowing |
| Call number prefix | 004.22 MUR |
| Source of classification or shelving scheme | Dewey Decimal Classification |
| Withdrawn status | Item status | Source of classification or shelving scheme | Damaged status | Not for loan | Vendor | Home library | Current library | Shelving location | Date acquired | Source of acquisition | Cost, normal purchase price | Total Checkouts | Total Renewals | Full call number | Barcode | Date last seen | Date last borrowed | Cost, replacement price | Koha item type |
|---|---|---|---|---|---|---|---|---|---|---|---|---|---|---|---|---|---|---|---|
| Dewey Decimal Classification | Central Library | Central Library | Lower Floor | 20/08/2015 | 365.00 | 2 | 32 | 004.22 MUR | 000004003 | 15/07/2025 | 14/10/2019 | 456.25 | Book - Borrowing |